[Event "Calvi FRA"]
[Site "?"]
[Date "2005.??.??"]
[Round "4.7"]
[White "Aggoune Liza"]
[Black "Wandelle Sandrine"]
[Result "1-0"]
[WhiteElo "2060"]
[BlackElo "1370"]
[PlyCount "47"]
[EventDate "2005.??.??"]
[Source "www.chesslib.no"]
[SourceDate "2004.05.04"]

1. e4 e5 2. Nf3 Nf6 3. d4 exd4 4. e5 Nd5 5. Qxd4 Nb6 6. Bd3 Nc6 7. Qe4 Be7 8. O-O d6 9. exd6 Qxd6 10. Bf4 Qe6 11. Re1 Qxe4 12. Bxe4 O-O 13. Bxc6 bxc6 14. Rxe7 Nd5 15. Re4 Bf5 16. Rd4 Rab8 17. Nc3 Nf6 18. b3 Bxc2 19. Re1 Rfe8 20. Rxe8+ Rxe8 21. h3 h6 22. Bxc7 Re7 23. Bf4 c5 24. Rc4 1-0

[Event "FSI - Torneo dell'Anniversario"]
[Site "?"]
[Date "2000.??.??"]
[Round "?"]
[White "Benvenga Salvatore"]
[Black "Fantoni Franco"]
[Result "1-0"]
[WhiteElo "1715"]
[BlackElo "1690"]
[PlyCount "49"]
[EventDate "2000.??.??"]
[Source "www.chesslib.no"]
[SourceDate "2004.05.04"]

1. e4 e5 2. Nf3 Nf6 3. d4 exd4 4. e5 Qe7 5. Be2 Nd5 6. Qxd4 Nb6 7. Bg5 Qb4+ 8. Qxb4 Bxb4+ 9. c3 Be7 10. Bxe7 Kxe7 11. Na3 Nd5 12. Nb5 Na6 13. Bc4 Nb6 14. Bb3 f6 15. O-O-O fxe5 16. Nxe5 d6 17. Nf7 Re8 18. Rhe1+ Kf8 19. Rxe8+ Kxe8 20. Re1+ Kf8 21. Ng5 d5 22. Nxh7+ Kg8 23. Ng5 Bd7 24. Nd4 Nc5 25. Re3 1-0

[Event "Domaine de Lacroix-Laval LYON"]
[Site "?"]
[Date "2005.04.19"]
[Round "5"]
[White "Agrusti Gaetan"]
[Black "Malabave Gabriel"]
[Result "0-1"]
[WhiteElo "1770"]
[BlackElo "1620"]
[PlyCount "44"]
[EventDate "2005.??.??"]
[Source "www.chesslib.no"]
[SourceDate "2004.05.04"]

1. e4 e5 2. Nf3 Nf6 3. d4 exd4 4. Nxd4 Bc5 5. Be3 Bb6 6. Bc4 Nc6 7. Nc3 Ne5 8. Be2 O-O 9. O-O c6 10. Bg5 d6 11. Kh1 h6 12. Bh4 Ng6 13. Bg3 h5 14. Bxh5 Nxh5 15. Qxh5 Bxd4 16. Rad1 Be5 17. Bxe5 Nxe5 18. f4 Bg4 19. Qxe5 dxe5 20. Rxd8 Raxd8 21. fxe5 Rd2 22. h3 Be6 0-1

[Event "Hengelo"]
[Site "?"]
[Date "2005.08.11"]
[Round "6"]
[White "Broekmeulen Joris"]
[Black "Snijders Jasper"]
[Result "1-0"]
[WhiteElo "1753"]
[BlackElo "1614"]
[PlyCount "115"]
[EventDate "2005.??.??"]
[Source "www.chesslib.no"]
[SourceDate "2004.05.04"]

1. e4 e5 2. Nf3 Nf6 3. d4 d5 4. Nxe5 Nxe4 5. Bd3 Bd6 6. O-O O-O 7. h3 c5 8. Nf3 cxd4 9. Nxd4 Bc5 10. Nf3 Ng3 11. Re1 Qb6 12. Qd2 Rd8 13. Nc3 Bb4 14. Qg5 Ne4 15. Bxe4 dxe4 16. Be3 Qf6 17. Qxf6 gxf6 18. Nd4 Bd7 19. Red1 Bxc3 20. bxc3 Nc6 21. Nxc6 Bxc6 22. Rxd8+ Rxd8 23. Bxa7 Rd2 24. Bd4 f5 25. Rc1 Ba4 26. Rb1 b5 27. Rb2 Rxc2 28. Rxc2 Bxc2 29. Kf1 h5 30. Ke1 Kh7 31. Kd2 Bd3 32. g3 h4 33. gxh4 Bf1 34. Ke3 Bxh3 35. c4 bxc4 36. a4 Bf1 37. a5 Kg6 38. a6 c3 39. a7 c2 40. Kd2 e3+ 41. Bxe3 Bg2 42. Kxc2 f6 43. Kc3 Kh5 44. Bd4 Kxh4 45. Bxf6+ Kg4 46. Kc4 Ba8 47. Kb5 Kf3 48. Bd4 Ke4 49. Bc5 Kd5 50. Kb6 f4 51. Bb4 Kc4 52. Bd6 f3 53. Kc7 Kd5 54. Bg3 Kc5 55. Kb8 Bc6 56. a8=Q Bxa8 57. Kxa8 Kb6 58. Kb8 1-0

[Event "Corr"]
[Site "?"]
[Date "2001.12.03"]
[Round "?"]
[White "Dunn Carl"]
[Black "Kriger John"]
[Result "1-0"]
[WhiteElo "1926"]
[BlackElo "1374"]
[PlyCount "53"]
[EventDate "2001.??.??"]
[Source "www.chesslib.no"]
[SourceDate "2004.05.04"]

1. e4 e5 2. Nf3 Nf6 3. d4 exd4 4. e5 Qe7 5. Be2 Ng4 6. Qxd4 f5 7. exf6 Nxf6 8. O-O Nc6 9. Qf4 Nd5 10. Qd2 Nf6 11. Nc3 Qc5 12. Nb5 Nd8 13. Qe3+ Ne6 14. Nfd4 Bd6 15. Nxe6 dxe6 16. Qxc5 Bxc5 17. Nxc7+ Kd7 18. Nxa8 Ke7 19. Bf4 Bd6 20. Bxd6+ Kxd6 21. Rad1+ Ke7 22. Nc7 Bd7 23. Nb5 Rc8 24. c3 Ne4 25. Rfe1 a6 26. Nd4 Nc5 27. Bg4 1-0

[Event "CZE-ch U12"]
[Site "?"]
[Date "2002.??.??"]
[Round "2"]
[White "Bohm Jan"]
[Black "Macicek Jakub"]
[Result "1-0"]
[WhiteElo "1743"]
[BlackElo "1523"]
[PlyCount "82"]
[EventDate "2002.??.??"]
[Source "www.chesslib.no"]
[SourceDate "2004.05.04"]

1. e4 e5 2. Nf3 Nf6 3. d4 exd4 4. e5 Nd5 5. Qxd4 Nb6 6. Nc3 Nc6 7. Qe4 Be7 8. Bf4 O-O 9. Bd3 g6 10. O-O-O a5 11. h4 a4 12. a3 d6 13. h5 Bf5 14. Qe3 Qd7 15. Bxf5 Qxf5 16. Nd4 Nxd4 17. Qxd4 Rad8 18. hxg6 fxg6 19. Nd5 Nxd5 20. Qxd5+ Qf7 21. Bg3 Bg5+ 22. Kb1 Qxd5 23. Rxd5 dxe5 24. Rxe5 Bf4 25. Bxf4 Rxf4 26. Re7 Rf7 27. Rxf7 Kxf7 28. Rxh7+ Kf6 29. Rxc7 Rd2 30. Rxb7 Rxf2 31. g4 Rf4 32. Rb4 Kg5 33. Rxf4 Kxf4 34. b4 axb3 35. cxb3 Kxg4 36. a4 Kh3 37. a5 g5 38. a6 g4 39. a7 g3 40. a8=Q g2 41. Qxg2+ Kxg2 1-0

[Event "Yvelines Ch"]
[Site "?"]
[Date "2003.02.08"]
[Round "2.25"]
[White "Lorent Herve"]
[Black "Abrlic Dragan"]
[Result "1-0"]
[WhiteElo "1520"]
[BlackElo "1730"]
[PlyCount "59"]
[EventDate "2003.??.??"]
[Source "www.chesslib.no"]
[SourceDate "2004.05.04"]

1. e4 e5 2. Nf3 Nf6 3. d4 exd4 4. Nxd4 Nxe4 5. Qf3 Nf6 6. Bg5 Be7 7. Nc3 a6 8. Be3 d5 9. Bd3 c6 10. Qg3 g5 11. Bf5 Bd6 12. Qh3 g4 13. Qh4 Bxf5 14. Nxf5 h5 15. Bg5 Be5 16. O-O-O Bxc3 17. bxc3 Nbd7 18. Rhe1+ Kf8 19. Bh6+ Rxh6 20. Nxh6 Qa5 21. f3 Qxc3 22. Nf5 Re8 23. Rxe8+ Kxe8 24. Re1+ Kf8 25. Re3 Qa1+ 26. Kd2 Qxa2 27. Qg5 Qa5+ 28. Ke2 gxf3+ 29. gxf3 Qb5+ 30. Kf2 1-0

[Event "Noel op 5th"]
[Site "?"]
[Date "2002.12.31"]
[Round "7.21"]
[White "Sacliez Alain"]
[Black "Couradin Jean Marie"]
[Result "1/2-1/2"]
[WhiteElo "1520"]
[BlackElo "1720"]
[PlyCount "61"]
[EventDate "2002.??.??"]
[Source "www.chesslib.no"]
[SourceDate "2004.05.04"]

1. e4 e5 2. Nf3 Nf6 3. d4 exd4 4. e5 Qe7 5. Qe2 Nd5 6. Qe4 Nb6 7. Nxd4 d5 8. Qe3 c5 9. Nb5 Qe6 10. Nc7+ Kd8 11. Nxe6+ Bxe6 12. Qg5+ Kc7 13. Bf4 Nc6 14. c3 h6 15. Qg3 Be7 16. h4 Rag8 17. Na3 a6 18. Qe3 d4 19. Qd2 Rd8 20. Qc2 c4 21. Rd1 d3 22. Bxd3 cxd3 23. Rxd3 Nd7 24. Rd2 Kb8 25. g3 Ka8 26. O-O g5 27. Be3 Ncxe5 28. f4 Ng4 29. Bf2 gxf4 30. Qe4 fxg3 31. Bxg3 1/2-1/2

[Event "Dortmund"]
[Site "?"]
[Date "2004.07.23"]
[Round "1"]
[White "Makarov Juri"]
[Black "Altenaehr Johannes"]
[Result "1-0"]
[WhiteElo "1771"]
[BlackElo "1423"]
[PlyCount "23"]
[EventDate "2004.??.??"]
[Source "www.chesslib.no"]
[SourceDate "2004.05.04"]

1. e4 e5 2. Nf3 Nf6 3. d4 d5 4. Nxe5 dxe4 5. Bg5 Be7 6. Bc4 O-O 7. Nc3 c5 8. dxc5 Qxd1+ 9. Rxd1 Bxc5 10. Nxf7 Rxf7 11. Rd8+ Bf8 12. Rxc8 1-0